[Event "AUTO-ELITE-2374"]
[Site "http://www.queenalice.com/game.php?id=1773369"]
[Date "2021.10.28"]
[Round "1"]
[White "trompmaster"]
[Black "pony"]
[Result "1-0"]
[WhiteElo "2521"]
[BlackElo "2411"]

1. d3 e5 2. Nf3 Nc6 3. e4 Bc5 4. Be3 Bxe3 5. fxe3 Nf6 6. c4 d6 7. Nc3 O-O 8. Qd2
a6 9. Be2 Ne7 10. Rf1 Ng6 11. a4 c6 12. a5 d5 13. exd5 cxd5 14. cxd5 Nxd5 15.
Nxd5 Qxd5 16. Rc1 Bd7 17. Kf2 Bb5 18. Rfd1 Rfd8 19. Qb4 Rac8 20. Qe4 Qxe4 21.
dxe4 Bc6 22. Rxd8+ Rxd8 23. Bxa6 Ra8 24. Bc4 Rxa5 25. b4 Ra8 26. Ng5 Be8 27. Bd5
h6 28. Nf3 Bc6 29. Bxc6 bxc6 30. Rxc6 Ra2+ 31. Kf1 Rb2 32. Rc8+ Kh7 33. Rb8 f6
34. Rb7 h5 35. Ne1 Rb3 36. Ke2 Nf8 37. Nd3 Ne6 38. h4 Kh6 39. Rb6 Nc7 40. Nxe5
Kh7 41. Nd3 Rb1 42. Nf4 1-0

[Event "AUTO-ELITE-2374"]
[Site "http://www.queenalice.com/game.php?id=1773370"]
[Date "2021.10.28"]
[Round "1"]
[White "pony"]
[Black "jandamian"]
[Result "0-1"]
[WhiteElo "2392"]
[BlackElo "2816"]

1. e4 c5 2. Nc3 Nc6 3. Bb5 Nd4 4. Bc4 e6 5. Nf3 Ne7 6. Nxd4 cxd4 7. Ne2 Nc6 8.
O-O g6 9. c3 Bg7 10. cxd4 Nxd4 11. Rb1 d5 12. exd5 exd5 13. Nxd4 dxc4 14. Re1+
Kf8 15. Nc2 Be6 16. b3 cxb3 17. Ba3+ Kg8 18. axb3 h5 19. Bb2 Qb6 20. Bxg7 Kxg7
21. Ne3 Rhd8 22. Qc1 Rac8 23. Qb2+ Qd4 24. b4 a6 25. h3 Qxb2 26. Rxb2 Rd4 27.
Ra1 Bd7 28. Re1 f5 29. Nf1 Kf6 30. g3 h4 31. Ne3 Rh8 32. Kh2 g5 33. g4 fxg4 34.
Nxg4+ Bxg4 35. hxg4 Rxg4 36. Re3 Rd8 37. Rf3+ Kg6 38. b5 a5 39. b6 Rb4 40. Ra2
a4 41. Re3 Rdd4 42. Re6+ Kf5 43. Rh6 Rb3 44. Rc2 Rf4 0-1

[Event "AUTO-ELITE-2374"]
[Site "http://www.queenalice.com/game.php?id=1773371"]
[Date "2021.10.28"]
[Round "1"]
[White "jandamian"]
[Black "pony"]
[Result "1-0"]
[WhiteElo "2808"]
[BlackElo "2385"]

1. e4 c5 2. c3 d6 3. d4 Nf6 4. Bd3 g6 5. Nf3 Bg7 6. O-O O-O 7. h3 Nc6 8. d5 Ne5
9. Nxe5 dxe5 10. c4 Ne8 11. Nc3 Nd6 12. Bg5 h6 13. Bh4 a5 14. f3 b6 15. Qe2 g5
16. Bf2 Bd7 17. Rab1 Bf6 18. Nd1 Kh8 19. Ne3 Rg8 20. Be1 Rg7 21. Bc3 Qc7 22. g4
h5 23. Qh2 Ne8 24. gxh5 Rh7 25. Ng4 Rxh5 26. Nxe5 Rxh3 27. Nxf7+ Kg7 28. Qxc7
Nxc7 29. Ne5 Be8 30. f4 gxf4 31. Rxf4 Bh5 32. Kg2 Re3 33. Rh1 Bxe5 34. Bxe5+ Kg6
35. Bf1 1-0

[Event "AUTO-ELITE-2353"]
[Site "http://www.queenalice.com/game.php?id=1775249"]
[Date "2021.11.20"]
[Round "2"]
[White "Sexxy_Bunny"]
[Black "pony"]
[Result "1-0"]
[WhiteElo "2821"]
[BlackElo "2398"]

1. e4 c5 2. Nf3 g6 3. d4 Bg7 4. d5 d6 5. Nc3 Nf6 6. Bb5+ Nfd7 7. a4 O-O 8. O-O
Na6 9. Re1 Nc7 10. Bf1 b6 11. Bf4 Ne5 12. Nxe5 dxe5 13. Be3 Ne8 14. f3 Nd6 15.
Qd2 Bd7 16. b3 Re8 17. Nb5 a6 18. Nxd6 exd6 19. b4 a5 20. bxc5 bxc5 21. Bb5 Qc7
22. Reb1 f5 23. Bxd7 Qxd7 24. h3 Bf6 25. Rb5 Bd8 26. Rab1 Ra7 27. Qd3 Rf8 28.
Bh6 Re8 29. Qb3 Bc7 30. exf5 gxf5 31. f4 exf4 32. Qf3 Qf7 33. Rb7 Rxb7 34. Rxb7
Re7 35. Bg5 Rd7 36. Qe2 f3 37. Qe6 h6 38. Bf6 c4 39. gxf3 Kf8 40. Qxf5 1-0

[Event "AUTO-ELITE-2353"]
[Site "http://www.queenalice.com/game.php?id=1775250"]
[Date "2021.11.20"]
[Round "2"]
[White "pony"]
[Black "Sexxy_Bunny"]
[Result "0-1"]
[WhiteElo "2384"]
[BlackElo "2780"]

1. e4 c5 2. Nf3 d6 3. Bb5+ Bd7 4. Bxd7+ Qxd7 5. O-O Nc6 6. c4 g6 7. d4 cxd4 8.
Nxd4 Bg7 9. Ne2 Nf6 10. f3 O-O 11. Nbc3 a6 12. a4 e6 13. Bg5 Qc7 14. Rb1 Rac8
15. b3 Nd7 16. Qd2 Nc5 17. Kh1 Na5 18. Qa2 Ncxb3 19. Rxb3 Nxb3 20. Qxb3 Qxc4 21.
Qxc4 Rxc4 22. Bd2 Rfc8 23. Rc1 d5 24. exd5 exd5 25. Nxd5 Rxc1+ 26. Bxc1 Rc2 0-1

[Event "AUTO-ELITE-2401"]
[Site "http://www.queenalice.com/game.php?id=1785174"]
[Date "2022.3.19"]
[Round "1"]
[White "cro_kramnik"]
[Black "pony"]
[Result "1-0"]
[WhiteElo "2745"]
[BlackElo "2392"]

1. e4 c5 2. Nf3 Nc6 3. d4 cxd4 4. Nxd4 g6 5. Nc3 Bg7 6. Be3 Nf6 7. Bc4 O-O 8.
Bb3 Re8 9. f4 Ng4 10. Qxg4 Nxd4 11. Bxd4 Bxd4 12. O-O-O d6 13. Qg3 Bg7 14. h4 a5
15. h5 a4 16. hxg6 axb3 17. Rxh7 e5 18. gxf7+ Kxh7 19. Rh1+ Bh6 20. Rxh6+ Kxh6
21. Qg5+ 1-0

[Event "AUTO-ELITE-2401"]
[Site "http://www.queenalice.com/game.php?id=1785175"]
[Date "2022.3.19"]
[Round "1"]
[White "pony"]
[Black "cro_kramnik"]
[Result "0-1"]
[WhiteElo "2391"]
[BlackElo "2747"]

1. e4 c5 2. Nf3 Nc6 3. Bb5 g6 4. Bxc6 dxc6 5. d3 Bg7 6. h3 Nf6 7. Nc3 Nd7 8. Be3
e5 9. a3 Qe7 10. Qd2 h6 11. O-O Nf8 12. Na4 Ne6 13. b4 Nd4 14. Ne1 b6 15. bxc5
b5 16. Nc3 Qxc5 17. Ne2 a5 18. Kh1 Qe7 19. Nxd4 exd4 20. Bf4 c5 21. Nf3 Ra6 22.
Rfb1 Bd7 23. a4 b4 24. Qc1 g5 25. Bh2 O-O 26. Nd2 h5 27. Nc4 f5 28. Bd6 Rxd6 29.
Nxd6 Qxd6 30. Qxg5 fxe4 31. Rf1 Qe5 32. Qxe5 Bxe5 33. Kg1 e3 0-1

[Event "AUTO-ELITE-2401"]
[Site "http://www.queenalice.com/game.php?id=1785178"]
[Date "2022.3.19"]
[Round "1"]
[White "Donidon"]
[Black "pony"]
[Result "0-1"]
[WhiteElo "2187"]
[BlackElo "2391"]

1. e4 c5 2. Nf3 Nc6 3. d4 cxd4 4. Nxd4 g6 5. Nc3 Bg7 6. Be3 Nf6 7. Qd2 O-O 8.
O-O-O Ng4 9. Nxc6 bxc6 10. Bd4 Bh6 11. Be3 Nxe3 12. fxe3 Qb6 13. Re1 d6 14. Kb1
Be6 15. Qd4 Qa5 16. Qa4 Qxa4 17. Nxa4 Rab8 18. b3 f5 19. exf5 Rxf5 20. e4 Rf2
21. Re2 Rbf8 22. Rxf2 Rxf2 23. g3 Bg7 24. Bd3 Be5 25. Nb2 Bg4 26. Bc4+ Kg7 27.
Nd3 Rf6 28. Nxe5 dxe5 29. Rf1 Bf3 30. Bd3 Bg2 31. Rxf6 exf6 32. Kc1 Kh6 33. Kd2
Kg5 34. Ke2 c5 35. Kf2 Bh3 36. c3 Be6 37. Bf1 f5 38. Bd3 f4 39. gxf4+ Kxf4 40.
Bc2 g5 41. Bd3 h5 42. Be2 Kxe4 43. Bxh5 Kd3 44. c4 Bf5 45. Bd1 Kd2 46. Be2 e4
47. Bf1 Bg4 48. h3 e3+ 49. Kg3 e2 50. Bxe2 Bxe2 51. h4 gxh4+ 52. Kxh4 Kc3 53.
Kg3 Bxc4 54. bxc4 Kxc4 55. Kf3 Kd3 0-1

[Event "AUTO-ELITE-2401"]
[Site "http://www.queenalice.com/game.php?id=1785179"]
[Date "2022.3.19"]
[Round "1"]
[White "pony"]
[Black "Donidon"]
[Result "1-0"]
[WhiteElo "2384"]
[BlackElo "2237"]

1. c4 Nf6 2. Nc3 g6 3. g3 Bg7 4. Bg2 O-O 5. e4 d6 6. Nge2 Nc6 7. O-O Be6 8. b3
Nb4 9. d4 Bg4 10. f3 Be6 11. a3 Na6 12. d5 Bd7 13. b4 c6 14. dxc6 bxc6 15. Qd3
Qb6+ 16. Be3 Qc7 17. c5 Nb8 18. cxd6 exd6 19. Rac1 a6 20. Rfd1 Ne8 21. Nd5 Qd8
22. Nb6 Ra7 23. Nc4 Rb7 24. Nxd6 Nxd6 25. Qxd6 Bb2 26. Rb1 Qf6 27. Qd3 Be5 28.
f4 Bc7 29. Bd4 Qe6 30. Ba1 f6 31. Nd4 Qf7 32. Bf1 Bg4 33. Rdc1 Rd8 34. h3 Be6
35. Rd1 a5 36. Kh2 axb4 37. axb4 Bb6 38. Qc2 Ba2 39. Rb2 Be6 40. Nxe6 Rxd1 41.
Bc4 Kh8 42. Qxd1 Qd7 43. Rd2 Qe7 44. Bc3 Rd7 45. Nc5 Rxd2+ 46. Qxd2 Bxc5 47.
bxc5 Kg7 48. Qd6 1-0

[Event "AUTO-ELITE-2428"]
[Site "http://www.queenalice.com/game.php?id=1794887"]
[Date "2022.8.24"]
[Round "1"]
[White "Sexxy_Bunny"]
[Black "pony"]
[Result "1-0"]
[WhiteElo "2793"]
[BlackElo "2396"]

1. e4 c5 2. Nf3 Nc6 3. d4 cxd4 4. Nxd4 g6 5. c4 Nf6 6. Nc3 d6 7. Be2 Nxd4 8.
Qxd4 Bg7 9. Be3 O-O 10. Qd2 Qa5 11. f3 Be6 12. Rc1 Rfc8 13. b3 a6 14. Na4 Qxd2+
15. Kxd2 Nd7 16. g4 f5 17. exf5 gxf5 18. h3 Rf8 19. f4 Rad8 20. Nc3 d5 21. cxd5
Nf6 22. Bb6 Nxd5 23. Bxd8 Rxd8 24. Nxd5 Bxd5 25. Ke3 Bxh1 26. Rxh1 Bd4+ 27. Kf3
Bc5 28. gxf5 Kg7 29. Rc1 b6 30. Rc2 a5 31. Bc4 Kf6 32. Rg2 Rd1 33. Rg5 Rh1 34.
Rh5 Kg7 35. f6+ exf6 36. Rd5 Rxh3+ 37. Kg4 Re3 38. Kf5 Be7 39. Rd2 Rg3 40. Rd7
Re3 41. Rb7 h5 42. Be6 Kf8 43. Rxb6 Rd3 44. Rb8+ Rd8 45. Rb5 h4 46. Rxa5 h3 47.
Kg6 Rd3 48. Bg4 Bd8 49. Rh5 Rg3 50. Kf5 Rg2 51. Bxh3 Rxa2 52. Kg6 Bb6 53. Kxf6
Bd4+ 54. Kf5 Rb2 55. Ke4 Bf6 56. Be6 Kg7 57. Bc4 Rb1 58. Rc5 Be7 59. Rc7 Kf6 60.
Rc6+ Kg7 61. Kf5 Rg1 62. Rc7 Re1 63. b4 1-0

[Event "AUTO-ELITE-2428"]
[Site "http://www.queenalice.com/game.php?id=1794888"]
[Date "2022.8.24"]
[Round "1"]
[White "pony"]
[Black "Sexxy_Bunny"]
[Result "0-1"]
[WhiteElo "2397"]
[BlackElo "2825"]

1. c4 e5 2. Nc3 Nf6 3. Nf3 Nc6 4. e4 Bb4 5. d3 d6 6. a3 Bxc3+ 7. bxc3 h6 8. g3
O-O 9. Bg2 Na5 10. O-O c6 11. c5 Bg4 12. cxd6 Qxd6 13. h3 Bxf3 14. Bxf3 Rad8 15.
Be2 Qe6 16. Qa4 Nb3 17. Rb1 Nc5 18. Qxa7 Nxd3 19. Be3 Qxh3 20. Rfd1 Nf4 21. gxf4
Ng4 22. Bc4 Nxe3 23. fxe3 Qg4+ 24. Kf2 Rxd1 25. Rxd1 Qxd1 26. Qxb7 exf4 0-1

[Event "AUTO-ELITE-2428"]
[Site "http://www.queenalice.com/game.php?id=1794893"]
[Date "2022.8.24"]
[Round "1"]
[White "pony"]
[Black "CHESS1969"]
[Result "0-1"]
[WhiteElo "2379"]
[BlackElo "2465"]

1. c4 e5 2. Nc3 Nf6 3. Nf3 Nc6 4. a3 g6 5. e3 Bg7 6. Be2 O-O 7. d3 d5 8. cxd5
Nxd5 9. Bd2 Nxc3 10. Bxc3 a5 11. O-O a4 12. Nd2 Be6 13. Rc1 f5 14. Qc2 Qd7 15.
b4 axb3 16. Nxb3 Qd5 17. Nd2 Rxa3 18. Qb2 Ra2 19. Qb1 Qd7 20. Bd1 Ra3 21. Nb3 b6
22. Bb2 Rxb3 23. Bxb3 Bxb3 24. Ba3 Na5 25. Bxf8 Bxf8 26. Rc3 Qf7 27. d4 exd4 28.
exd4 Bd5 29. Re1 Nc4 30. Rcc1 f4 31. f3 Bd6 32. Qb5 Ne3 33. Qa6 Kg7 34. Qd3 g5
35. Ra1 g4 36. Rxe3 fxe3 37. Qxe3 gxf3 38. gxf3 Qh5 39. Qf2 Bxf3 0-1

[Event "AUTO-ELITE-2428"]
[Site "http://www.queenalice.com/game.php?id=1794894"]
[Date "2022.8.24"]
[Round "1"]
[White "CHESS1969"]
[Black "pony"]
[Result "1-0"]
[WhiteElo "2441"]
[BlackElo "2377"]

1. e4 c5 2. Nf3 Nc6 3. Bb5 g6 4. O-O Bg7 5. Re1 Nf6 6. Bxc6 bxc6 7. e5 Nd5 8. c4
Nc7 9. Nc3 Ne6 10. d4 cxd4 11. Nxd4 Nxd4 12. Qxd4 d6 13. Qh4 O-O 14. Bg5 f6 15.
exf6 exf6 16. Bh6 Bxh6 17. Qxh6 Re8 18. Rxe8+ Qxe8 19. Qd2 Bf5 20. Qxd6 Qe6 21.
Rd1 Re8 22. Qxe6+ Rxe6 23. f3 h5 24. Kf2 Kf7 25. Rd7+ Re7 26. Rxe7+ Kxe7 27. Ke3
Bd7 28. Kd4 g5 29. Kc5 f5 30. Ne2 f4 31. Nd4 g4 32. Nxc6+ Kf6 33. Nd4 h4 34.
fxg4 Bxg4 35. h3 1-0

[Event "AUTO-ELITE-2458"]
[Site "http://www.queenalice.com/game.php?id=1805436"]
[Date "2023.2.4"]
[Round "1"]
[White "raulzampronha"]
[Black "pony"]
[Result "0-1"]
[WhiteElo "2252"]
[BlackElo "2370"]

1. d4 d5 2. c4 Nc6 3. Nf3 Bg4 4. Nc3 e6 5. e3 Nf6 6. Bd3 Bb4 7. O-O O-O 8. cxd5
exd5 9. h3 Bh5 10. Be2 Re8 11. Bd2 a6 12. Rc1 Bxc3 13. Bxc3 Ne4 14. Re1 f6 15.
Nh4 Bxe2 16. Rxe2 Qd7 17. Rec2 g5 18. Nf3 h5 19. Nh2 Qf7 20. Be1 Re7 21. b4 Nd6
22. Rxc6 bxc6 23. Rxc6 Qe8 24. Rc5 c6 25. Qa4 Rc7 26. a3 Kg7 27. Ra5 Qc8 28. Rc5
Ne4 29. Rc1 h4 30. Nf1 Qb7 31. Nd2 Nxd2 32. Bxd2 Kg6 33. Rc5 f5 34. Qc2 Rf8 35.
Kh1 Rf6 36. Kg1 Rg7 37. Kf1 Kh7 38. Qd3 g4 39. hxg4 Rxg4 40. f3 Rgg6 41. Be1 Qg7
42. Rc2 h3 43. gxh3 Rg1+ 0-1

[Event "AUTO-ELITE-2458"]
[Site "http://www.queenalice.com/game.php?id=1805437"]
[Date "2023.2.4"]
[Round "1"]
[White "pony"]
[Black "raulzampronha"]
[Result "1-0"]
[WhiteElo "2373"]
[BlackElo "2181"]

1. c4 Nf6 2. Nf3 e6 3. b3 d5 4. Bb2 c5 5. e3 Nc6 6. cxd5 exd5 7. Bb5 Bd6 8. O-O
O-O 9. Bxc6 bxc6 10. Nc3 Bg4 11. Ne2 Re8 12. Ng3 Ne4 13. Qc2 Re6 14. d3 Bxf3 15.
gxf3 Ng5 16. f4 Nf3+ 17. Kg2 Nh4+ 18. Kh1 Rh6 19. Qe2 Qd7 20. Be5 Qh3 21. f3 Re8
22. Rf2 Bxe5 23. fxe5 Rxe5 24. Rg1 Nf5 25. Nxf5 Qxf5 26. e4 Qd7 27. Qb2 f6 28.
Rfg2 Re7 29. Qc1 Rh3 30. Qf4 Kh8 31. Qxf6 h6 32. Rxg7 Rxg7 33. Qf8+ Kh7 34.
Rxg7+ Qxg7 35. Qf5+ Kh8 36. Qxh3 Qa1+ 37. Kg2 Qxa2+ 38. Kg3 Qd2 39. Qc8+ Kg7 40.
Qc7+ Kg8 41. Qb8+ Kg7 42. Qxa7+ 1-0

[Event "AUTO-ELITE-2458"]
[Site "http://www.queenalice.com/game.php?id=1805442"]
[Date "2023.2.4"]
[Round "1"]
[White "CCapivara"]
[Black "pony"]
[Result "0-1"]
[WhiteElo "2181"]
[BlackElo "2367"]

1. e4 c5 2. Nf3 Nc6 3. d4 cxd4 4. Nxd4 g6 5. Nc3 Bg7 6. Be3 Nf6 7. Be2 O-O 8.
Qd2 d5 9. exd5 Nxd5 10. Nxd5 Qxd5 11. Bf3 Qc4 12. Be2 Qd5 13. Bf3 Qe5 14. O-O-O
Be6 15. c3 Nxd4 16. Bxd4 Qa5 17. Bxg7 Kxg7 18. a3 Rad8 19. Qc2 Qb5 20. Rxd8 Rxd8
21. h4 Qc4 22. h5 Qf4+ 23. Kb1 Bf5 0-1

[Event "AUTO-ELITE-2458"]
[Site "http://www.queenalice.com/game.php?id=1805443"]
[Date "2023.2.4"]
[Round "1"]
[White "pony"]
[Black "CCapivara"]
[Result "0-1"]
[WhiteElo "2395"]
[BlackElo "2199"]

1. c4 e5 2. Nc3 f5 3. e3 Nf6 4. d4 exd4 5. exd4 Bb4 6. Bd3 O-O 7. Ne2 d5 8. O-O
c5 9. cxd5 Bxc3 10. bxc3 cxd4 11. c4 Kh8 12. Nxd4 Ne4 13. Bb2 Qh4 14. Nf3 Qh5
0-1

[Event "AUTO-ELITE-2476"]
[Site "http://www.queenalice.com/game.php?id=1811697"]
[Date "2023.5.11"]
[Round "1"]
[White "pony"]
[Black "delphicoracle"]
[Result "0-1"]
[WhiteElo "2383"]
[BlackElo "2410"]

1. c4 Nf6 2. Nc3 g6 3. Nf3 Bg7 4. e3 O-O 5. d4 d6 6. Be2 Nbd7 7. O-O e5 8. Qc2
Re8 9. dxe5 dxe5 10. Rd1 e4 11. Nd4 Qe7 12. b3 a6 13. Bf1 Ne5 14. h3 c5 15. Ba3
Qc7 16. Nde2 Bxh3 17. Nf4 Bf5 18. Ncd5 Nxd5 19. Nxd5 Qd8 20. Nf4 Nf3+ 21. gxf3
Qg5+ 22. Ng2 exf3 23. Qd2 Rad8 24. Qe1 Bxa1 25. Rxa1 Bh3 26. Bb2 Bxg2 0-1

[Event "AUTO-ELITE-2476"]
[Site "http://www.queenalice.com/game.php?id=1811698"]
[Date "2023.5.11"]
[Round "1"]
[White "delphicoracle"]
[Black "pony"]
[Result "1-0"]
[WhiteElo "2424"]
[BlackElo "2372"]

1. d4 Nf6 2. Nf3 e6 3. Bg5 h6 4. Bxf6 Qxf6 5. e4 d6 6. Nc3 g5 7. e5 Qe7 8. h4 g4
9. Nd2 h5 10. f4 d5 11. g3 Nc6 12. Nb3 Bd7 13. Qd2 O-O-O 14. O-O-O f6 15. exf6
Qxf6 16. Na4 Kb8 17. Nac5 Be8 18. Qe3 Rh6 19. Be2 Bxc5 20. Nxc5 Rd6 21. Rhe1 Nd8
22. Bf1 Bg6 23. Qb3 Rh7 24. Re5 b6 25. Na6+ Ka8 26. Re3 Nc6 27. Qa4 Na5 28. Rc3
Qd8 29. Bb5 Kb7 30. Nb4 1-0

[Event "AUTO-ELITE-2476"]
[Site "http://www.queenalice.com/game.php?id=1811699"]
[Date "2023.5.11"]
[Round "1"]
[White "pony"]
[Black "RookXPawn"]
[Result "1-0"]
[WhiteElo "2381"]
[BlackElo "2063"]

1. c4 e6 2. Nf3 d5 3. e3 Nf6 4. b3 Be7 5. Bb2 O-O 6. Nc3 c6 7. Qc2 Nbd7 8. Rg1
e5 9. cxd5 cxd5 10. g4 e4 11. Nd4 Ne5 12. h3 Bc5 13. Ncb5 Bb6 14. Ba3 Re8 15.
Be2 a6 16. Nd6 1-0

[Event "AUTO-ELITE-2476"]
[Site "http://www.queenalice.com/game.php?id=1811700"]
[Date "2023.5.11"]
[Round "1"]
[White "RookXPawn"]
[Black "pony"]
[Result "0-1"]
[WhiteElo "2067"]
[BlackElo "2378"]

1. e4 c5 2. Nf3 Nc6 3. Bb5 g6 4. O-O Bg7 5. c3 Nf6 6. Qe2 O-O 7. d4 cxd4 8. cxd4
d5 9. e5 Ne4 10. Nc3 Bf5 11. h3 Rc8 12. Be3 Na5 13. Rac1 a6 14. Bd3 Nxc3 15.
Rxc3 Rxc3 16. bxc3 Bxd3 17. Qxd3 Qc8 18. Nd2 b5 19. f4 Qf5 20. Qxf5 gxf5 21. a4
Rc8 22. axb5 axb5 23. Ra1 Rxc3 0-1